Statistics for Car Brands by Logo

Click here to take the quiz!

General Stats

  • This quiz has been taken 554 times
  • The average score is 24 of 40

Answer Stats

Answer % Correct
Audi
98%
Honda
96%
Ferrari
94%
Mercedes-Benz
92%
Chevrolet
92%
Lexus
90%
Hyundai
90%
Toyota
90%
Bentley
88%
Mazda
87%
Mitsubishi
87%
Volkswagen
85%
Suzuki
82%
Subaru
82%
Dodge
75%
Tesla
74%
Cadillac
69%
Skoda
68%
Maserati
68%
Peugeot
66%
Renault
66%
Citroen
64%
Seat
62%
Infiniti
58%
Opel
58%
Lincoln
56%
Buick
52%
Pontiac
43%
Smart
38%
Daewoo
34%
Vauxhall
34%
Maybach
27%
Abarth
26%
Koenigsegg
24%
Tata
23%
Daihatsu
23%
Holden
23%
Mercury
22%
Lada
15%
SsangYong
13%

Score Distribution

Percentile by Number Answered

Percent of People with Each Score

Your Score History

You have not taken this quiz